UM Logo

Theory of accounts: (Record no. 3027)

MARC details
000 -LEADER
fixed length control field 00505nam a22001697a 4500
008 - FIXED-LENGTH DATA ELEMENTS--GENERAL INFORMATION
fixed length control field 160604b xxu||||| |||| 00| 0 eng d
020 ## - INTERNATIONAL STANDARD BOOK NUMBER
International Standard Book Number 9718966234
082 ## - DEWEY DECIMAL CLASSIFICATION NUMBER
Edition number 2001
Classification number DFil 657
Item number V23
100 ## - MAIN ENTRY--PERSONAL NAME
9 (RLIN) 10100
Personal name Valix, Conrado T.
245 ## - TITLE STATEMENT
Title Theory of accounts:
Remainder of title CPA examination/
Statement of responsibility, etc. Conrado T. Valix
250 ## - EDITION STATEMENT
Edition statement 2001 Edition
260 ## - PUBLICATION, DISTRIBUTION, ETC. (IMPRINT)
Place of publication, distribution, etc. 2001
Name of publisher, distributor, etc. DFil 657
Date of publication, distribution, etc. V23
300 ## - PHYSICAL DESCRIPTION
Extent xix, 797 pages:
Dimensions 22.5 cm.
650 #0 - SUBJECT ADDED ENTRY--TOPICAL TERM
9 (RLIN) 10115
Topical term or geographic name as entry element Accounting
General subdivision Problems, exercises, etc.
365 ## - TRADE PRICE
Price amount 290.00
Currency code Php.
942 ## - ADDED ENTRY ELEMENTS (KOHA)
Source of classification or shelving scheme Dewey Decimal Classification
Koha item type Filipiniana
Holdings
Withdrawn status Lost status Source of classification or shelving scheme Damaged status Not for loan Collection code Home library Current library Date acquired Source of acquisition Total Checkouts Full call number Barcode Date last seen Copy number Cost, replacement price Price effective from Koha item type Shelving location Date last checked out
    Dewey Decimal Classification     Filipiniana UM Digos College - LIC UM Digos College - LIC 08/14/2008 Purchased   DFil 657 V23 2001 19534 05/15/2025 1 290.00 06/04/2016 Filipiniana    
    Dewey Decimal Classification     Filipiniana UM Digos College - LIC UM Digos College - LIC 08/14/2008 Purchased 2 DFil 657 V23 2001 19535 09/27/2025 2 290.00 06/04/2016 Filipiniana Book Cart 09/24/2025